fish deficit areas determination in samrong district takeo province (ការកំណត់តំបន់ខ្សត់ត្រីនៅក្នុងស្រុកសំរោងខេត្តតាកែវ) (Record no. 3773)

000 -LEADER
fixed length control field 00574nam a22001577a 4500
003 - CONTROL NUMBER IDENTIFIER
control field OSt
005 - DATE AND TIME OF LATEST TRANSACTION
control field 20151201095755.0
008 - FIXED-LENGTH DATA ELEMENTS--GENERAL INFORMATION
fixed length control field 151201b xxu||||| |||| 00| 0 eng d
040 ## - CATALOGING SOURCE
Transcribing agency RUA
082 ## - DEWEY DECIMAL CLASSIFICATION NUMBER
Classification number FIS HOT 2000 B172 Or.1
100 ## - MAIN ENTRY--PERSONAL NAME
9 (RLIN) 4054
Personal name HOT, POLY.
245 ## - TITLE STATEMENT
Title fish deficit areas determination in samrong district takeo province (ការកំណត់តំបន់ខ្សត់ត្រីនៅក្នុងស្រុកសំរោងខេត្តតាកែវ)
260 ## - PUBLICATION, DISTRIBUTION, ETC. (IMPRINT)
Place of publication, distribution, etc. Phnom Penh
Name of publisher, distributor, etc. RUA
Date of publication, distribution, etc. 2000
300 ## - PHYSICAL DESCRIPTION
Extent 42p.
Other physical details ill.
Dimensions 29cm.
942 ## - ADDED ENTRY ELEMENTS (KOHA)
Source of classification or shelving scheme
Koha item type FIS
Holdings
Price effective from Date last seen Permanent Location Not for loan Date acquired Source of classification or shelving scheme Koha item type Barcode Lost status Damaged status Shelving location Withdrawn status Current Location Full call number
2015-12-012015-12-01Library Block B 2015-12-01 FISRUA026289  B172 Library Block BFIS HOT 2000 B172 Or.1
2015-12-012015-12-01Library Block B 2015-12-01 FISRUA027938  B172 Library Block BFIS HOT 2000 B172 Or.2
2015-12-012015-12-01Library Block B 2015-12-01 FISRUA025557  B172 Library Block BFIS HOT 2000 B172 Or.3
2015-12-012015-12-01Library Block B 2015-12-01 FISRUA027714  B172 Library Block BFIS HOT 2000 B172 Or.4
2015-12-012015-12-01Library Block B 2015-12-01 FISRUA027384  B172 Library Block BFIS HOT 2000 B172 Or.5
2015-12-012015-12-01Library Block B 2015-12-01 FISRUA025566  B172 Library Block BFIS HOT 2000 B172 Or.6
2015-12-012015-12-01Library Block B 2015-12-01 FISRUA025782  B172 Library Block BFIS HOT 2000 B172 Or.7
2015-12-012015-12-01Library Block B 2015-12-01 FISRUA025710  B172 Library Block BFIS HOT 2000 B172 Or.8
2015-12-012015-12-01Library Block B 2015-12-01 FISRUA025948  B172 Library Block BFIS HOT 2000 B172 Or.9
2015-12-012015-12-01Library Block B 2015-12-01 FISRUA025854  B172 Library Block BFIS HOT 2000 B172 Or.10
2015-12-012015-12-01Library Block B 2015-12-01 FISRUA026928  B172 Library Block BFIS HOT 2000 B172 Or.11
2015-12-012015-12-01Library Block B 2015-12-01 FISRUA025738  B172 Library Block BFIS HOT 2000 B172 Or.12
មជ្ឈមណ្ឌលឯការនៃសាកលវិទ្យាល័យភូមិន្ទកសិកម្មចំការដូង

Powered by Koha